Madhyakaleen Bharat mein das-pratha (1206-1526 Ishvi) (Record no. 125580)

MARC details
000 -LEADER
fixed length control field 00335nam a2200133Ia 4500
008 - FIXED-LENGTH DATA ELEMENTS--GENERAL INFORMATION
fixed length control field 230917s9999||||xx |||||||||||||| ||und||
040 ## - CATALOGING SOURCE
-- 205185
Original cataloging agency VIVEKANANDA LIBRARY
041 ## - Language
-- English
082 ## - DDC NUMBER
Classification number 954.02 S15M
100 ## - MAIN ENTRY--PERSONAL NAME
Personal name Subhash Chandra
245 #0 - TITLE STATEMENT
Title Madhyakaleen Bharat mein das-pratha (1206-1526 Ishvi)
300 ## - PHYSICAL DESCRIPTION
Pages 189 p.
942 ## - ADDED ENTRY ELEMENTS (KOHA)
Koha item type Thesis
Holdings
Withdrawn status Lost status Damaged status Not for loan Location (home branch) Sublocation or collection (holding branch) Date acquired Koha issues (times borrowed) Koha full call number Accession No. Koha date last seen Koha item type
        VIVEKANANDA LIBRARY VIVEKANANDA LIBRARY 05/02/2013   954.02 S15M 221534 17/09/2023 Thesis
© Designed and Maintained by Vivekananda Library, MDU Rohtak